[Event "Nikaia op-B 20th"]
[Site "Nikaia"]
[Date "2012.08.30"]
[Round "6.4"]
[White "Lampsas, Georgios"]
[Black "Lentzos, Ioanis"]
[Result "0-1"]
[WhiteElo "1667"]
[BlackElo "1679"]
[PlyCount "67"]
[EventDate "2012.08.26"]
[EventType "swiss"]
[EventRounds "9"]
[EventCountry "GRE"]
[SourceTitle "EXT 2024"]
[Source "ChessBase"]
[SourceDate "2023.10.10"]
[SourceVersion "1"]
[SourceVersionDate "2023.10.10"]
[SourceQuality "1"]

1. c4 c6 2. g3 d5 3. cxd5 cxd5 4. e3 Nf6 5. Bg2 Bf5 6. d4 e6 7. Ne2 Bd6 8. Nbc3 0-0 9. 0-0 a6 10. a3 Nbd7 11. f3 Bg6 12. Nf4 Qb6 13. Nxg6 hxg6 14. Kh1 Rac8 15. Rf2 Rfd8 16. Na4 Qc7 17. b4 a5 18. Nc5 b6 19. Nd3 axb4 20. Nxb4 Bxb4 21. axb4 b5 22. Rfa2 Nb6 23. Ra7 Qc2 24. Bd2 Qxd1+ 25. Rxd1 Rc2 26. Rb7 Nc4 27. Bc1 Rc8 28. Rxb5 Ra8 29. Ra5 Nxa5 30. bxa5 Rxa5 31. Re1 Raa2 32. Bf1 Ra1 33. Bd2 Rxe1 34. Bxe1 0-1